Το κολύμπι για μικρά παιδιά
Αποθηκεύτηκε σε:
| Κύριος συγγραφέας: | |
|---|---|
| Άλλοι συγγραφείς: | |
| Μορφή: | Βιβλίο |
| Γλώσσα: | Greek German |
| Δημοσίευση: |
Θεσσαλονίκη :
SALTO,
c1989.
|
| Θέματα: | |
| Ετικέτες: |
Προσθήκη ετικέτας
Δεν υπάρχουν, Καταχωρήστε ετικέτα πρώτοι!
|
MARC
| LEADER | 00000cam a2200000 i 4500 | ||
|---|---|---|---|
| 001 | 1/83047 | ||
| 008 | 941103s1989 gr | ||| |||| ||gre|| | ||
| 035 | |a 1995 |b 3 |c Μικιόζος |l 10034097 | ||
| 035 | |a 1994 |c ΒΙΒΛΙΟΘΗΚΗ | ||
| 040 | |a GR-MyUA |b gre |e AACR2 | ||
| 041 | 1 | |a gre |h ger | |
| 082 | 0 | |a 797.21054 | |
| 100 | 1 | |a Lewin, Gerhard. | |
| 245 | 1 | 3 | |a Το κολύμπι για μικρά παιδιά / |c Gerhard Lewin ; μετάφραση Ελένη Φλεμετάκη. |
| 260 | |a Θεσσαλονίκη : |b SALTO, |c c1989. | ||
| 300 | |a 173 σ. ; |c 20 εκ. | ||
| 500 | |a Τίτλος πρωτοτύπου: Schwimmen mit kleinen leuten. | ||
| 504 | |a Περιλαμβάνει βιβλιογραφικές αναφορές. | ||
| 650 | 0 | 0 | |a Swimming for children. |
| 650 | 0 | 0 | |a Sports for children. |
| 700 | 1 | |a Φλεμετάκη, Ελένη, |e trlf | |
| 852 | |a INST |b RHODES |e 19960903 |h 797.21 LEW |p 005400011578 |q 005400011578 |t BK |y 0 | ||
| 852 | |a INST |b SAMOS |e 19941103 |h 797.21054 LEW |p 005300006706 |q 005300006706 |t BK |y 0 | ||
| 909 | |a Ρ |b 043016 | ||
| 909 | |a Σ |b 034635 | ||
| 922 | |a 4ΕΛΗ |b 199512 |c ΜΙΚΙΟΖΟΣ | ||
| 970 | |a ΧΟΡΟΖΙΔΟΥ |b ΤΖΕΝΗ |z 1999/11/19 | ||